000 00537nam a22001817a 4500
005 20251108164159.0
008 250721s1999 xx 000 0 ara d
082 1 4 _aم/956.0651/حتا
100 1 _aحتاملة، محمد عبدو
245 1 0 _aموسوعة الديار الأندلسية /
264 1 _aعمان :
_b[المؤلف]،
_c1999.
300 _a2ج.
650 1 7 _aتاريخ الأندلس 711-1492
650 1 7 _aالموسوعات
650 1 7 _aالتاريخ الإسلامي
942 _2ddc
_cREF
999 _c5676
_d5676